Beste Fußballspieler 2019 - Statistiken

Allgemein
  • Dieses Quiz wurde 435 mal gespielt
  • Das Durchschnittsergebnis liegt bei 19 aus 20
Antwortstatistiken
Bildquiz Antwort % Korrekt
Cristiano Ronaldo
100%
Lionel Messi
100%
Neymar
99%
Harry Kane
98%
Kylian Mbappé
98%
Luka Modrić
98%
Mohamed Salah
98%
Robert Lewandowski
98%
Antoine Griezmann
96%
Sadio Mané
96%
Kevin De Bruyne
95%
Marc-André ter Stegen
95%
Virgil van Dijk
95%
Eden Hazard
94%
N’Golo Kanté
94%
Raheem Sterling
93%
Sergio Agüero
89%
Matthijs de Ligt
87%
Bernardo Silva
80%
Ederson
78%
Keine übereinstimmenden Quizze gefunden
Verteilung der Resultate
Anzahl Personen mit jedem Resultat
Perzentil nach korrekt beantworteten Fragen
Ihre Resultats-Entwicklung
Sie haben dieses Quiz noch nicht gespielt